000 01461cam a2200385 i 4500
003 EG-GICUC
005 20260408134804.0
008 020110s2002 enka frb 001 0 eng d
020 _a0521806429
_qhc.
020 _a9780521001151
_q(pbk.)
040 _aDLC
_cDLC
_dDLC
_dEG-GICUC
_beng
_erda
050 0 0 _aHB172.5
_b.L32 2002
082 0 0 _a338.9
_221
092 0 4 _221
099 _aLaw 13 2002
100 1 _aDe la Croix, David,
_d1964-
245 1 2 _aA theory of economic growth :
_bdynamics and policy in overlapping generations /
_cDavid de la Croix, Philippe Michel.
264 _aCambridge ;
_aNew York :
_bCambridge University Press,
_c2002.
300 _axvii, 378 pages :
_billustrations ;
_c24 cm.
336 _atext
_2rdacontent
337 _aComputer
_2rdamedia
338 _aOnline Resource
_2rdacarrier
504 _aIncludes bibliographical references (p. 355-367) and indexes.
650 0 _aMacroeconomics.
650 0 _aEconomic development.
650 0 _aEconomic policy.
650 0 _aGenerational accounting.
700 1 _aMichel, Philippe.
856 4 1 _uhttps://fll.law.cu.edu.eg/fulltext/bks/ENGB13-00037.pdf
856 4 1 _3Sample text
_uhttp://www.loc.gov/catdir/samples/cam033/2002016579.html
856 4 2 _3Publisher description
_uhttp://www.loc.gov/catdir/description/cam022/2002016579.html
856 4 1 _3Table of contents
_uhttp://www.loc.gov/catdir/toc/cam025/2002016579.html
905 _a10
942 _2ddc
_cBK
_e21
_n0
999 _c69730
_d69730